Acción católica y acción política

Guardat en:
Dades bibliogràfiques
Autor principal: Maritain, Jacques (autor)
Format: Llibre
Idioma:espanyol
Publicat: Buenos Aires Losada 1939
Col·lecció:Una Nueva Cristiandad
Matèries:
Etiquetes: Afegir etiqueta
Sense etiquetes, Sigues el primer a etiquetar aquest registre!

MARC

LEADER 00000nam a2200000 a 4500
001 UCK4238
003 CL-VaPUC
008 050527e19390000AG |||||||||||||||||spa|d
082 0 4 |a 261.7  |b MAR  |2 21 
100 |a Maritain, Jacques  |e autor  |9 255680 
245 1 0 |a Acción católica y acción política 
300 |a 223 p 
942 |c BK 
945 |d 20050527 00:00:00  |a jcarroza 
260 |a Buenos Aires  |b Losada  |c 1939 
650 0 |a Cristianismo y política  |9 255890 
650 0 |a Iglesia Católica  |9 256114 
650 0 |a Acción política  |9 341245 
583 |a last modification  |c 20050527 00:00:00  |k Rodrigo Vera 
490 0 |a Una Nueva Cristiandad 
999 |c 313176  |d 313174 
952 |0 0  |1 1  |4 0  |6 261_700000000000000_MAR_1939  |7 0  |8 P  |9 384308  |a BIBARQ  |b BIBARQ  |d 2019-11-22  |i 403869K  |o 261.7 MAR 1939  |p 403869K  |r 2019-11-22  |w 2019-11-22  |x Retirado en Inventario 2023  |y BK  |k ARQ